000 01120cam a22003371 4500
001 76706
003 BD-RjUL
005 20211209082857.0
008 721211s1965 xx 000 0 eng
035 _a(BD-RjUL)
035 _a(OCoLC)512059
040 _aDLC
_cODaWU
_dUk
_dDLC
_beng
041 _aeng
042 _apremarc
082 _223
_a658.154
_bUNI 1965
110 2 _aUnited Nations.
_bDepartment of Economic and Social Affairs.
_9237446
245 1 2 _aA manual for programme and performance budgeting /
_cUnited Nations
260 _aNew York,
_bUnited Nations,
_c1965.
300 _a103 p.:
_bill. ;
_c28 cm
490 1 _aUnited Nations. Document
_vST/ECA/89
490 1 _aUnited Nations. Document
_vST/TAO/ser.C/75
504 _aBibliography: p. 103.
650 0 _aProgram budgeting.
_9237447
830 0 _a[Document] (United Nations) ;
_vST/ECA/89.
_9237448
830 0 _a[Document] (United Nations) ;
_vST/TAO/ser.C/75.
_9237448
906 _a7
_bcbc
_coclcrpl
_du
_encip
_f19
_gy-gencatlg
942 _2ddc
_cBK
999 _c76706
_d76706